Normal view
MARC view
- Airports
Entry Topical Term
001 - CONTROL NUMBER
- control field: 7047
003 - CONTROL NUMBER IDENTIFIER
- control field: NUST
005 - DATE AND TIME OF LATEST TRANSACTION
- control field: 20171207145055.0
008 - FIXED-LENGTH DATA ELEMENTS
- fixed length control field: 171207|| aca||aabn | a|a d
040 ## - CATALOGING SOURCE
- Original cataloging agency: NUST
- Transcribing agency: NUST
150 ## - HEADING--TOPICAL TERM
- Topical term or geographic name entry element: Airports
- General subdivision: Planning.
670 ## - SOURCE DATA FOUND
- Source citation: Work cat.: (NUST)0: Ashford, Norman. 7046, Airport engineering :, c2011.
